KATSEYE members - Statistics

General Stats
  • This quiz has been taken 1,142 times
  • The average score is 5 of 6
Answer Stats
Answer % Correct
Lara
84%
Manon
83%
Sophia
79%
Megan
76%
Daniela
70%
Yoonchae
69%
No matching quizzes found
Score Distribution
Percent of People with Each Score
Percentile by Number Answered
Your Score History
You have not taken this quiz